Flags of 'Land' Countries - Statistics

General Stats
  • This quiz has been taken 48 times
  • The average score is 9 of 10
Answer Stats
Picture Answer % Correct
New Zealand
100%
Finland
97%
Iceland
97%
Ireland
97%
Netherlands
97%
Poland
97%
Switzerland
97%
Thailand
89%
Marshall Islands
71%
Solomon Islands
68%
No matching quizzes found
Score Distribution
Percent of People with Each Score
Percentile by Number Answered
Your Score History
You have not taken this quiz